Účtovný TIP newsletter otázok, odpovedí a účtovných aktualít

Na minha lista:
Detalhes bibliográficos
Formato: Periódico
Idioma:eslovaco
Publicado em: Bratislava Verlag Dashöfer
Tags: Adicionar Tag
Sem tags, seja o primeiro a adicionar uma tag!

MARC

LEADER 00000nls a2200000 4500
001 0257450
005 20240417073940.2
022 |a 1336-5207 
041 0 |a slo 
044 |a SK 
245 1 0 |a Účtovný TIP  |b newsletter otázok, odpovedí a účtovných aktualít 
264 1 |a Bratislava  |b Verlag Dashöfer